000 01665nam0a2200397 4500
001 RU\NLR\bibl\575059
005 20250610133925.0
010 _a5-89542-107-5
_bв пер.
_95000
021 _aRU
_b2004-26594
_91342
035 _aRSL-KNO-002433456
035 _a(NLR Aleph) 000567105
090 _a1569064
_c1569064
100 _a20040511d2004 |||y0rusy50 ca
101 1 _arus
_ceng
102 _aRU
105 _aa |||||||||
106 _ar
200 1 _aОбновляйся или умри !
_eкак создать конкурентоспособ. компанию ХХI в.
_fМэттью Кирнэн
_g[пер. с англ. Куприяновой В. М.]
210 _aСПб.
_cКрылов
_d2004
_eГПП Печ. Двор
215 _a383 с.
_cил.
_d22
225 1 _aVIP консультирование
300 _aЗагл. и авт. ориг.: Get innovative or get dead! / Matthew I. Kiernan
320 _aБиблиогр. в примеч.: с. 376-383
454 0 _12001#$aGet innovative or get dead!
_1700#1$aKiernan$bM. I.$gMatthew I.$4070
_tGet innovative or get dead!
_aKiernan, Matthew I.
606 0 _aФирмы
_xКонкурентоспособность
_92272387
_3RU\NLR\auth\661361924
610 0 _aЭкономика -- Капиталистические страны -- Предприятие -- Управление
686 _aУ829-21,0
_2rubbk
686 _aУ5-13
686 _aУ29(0)
700 1 _aКирнэн
_bМ.
_gМэттью
_4070
801 0 _aRU
_bRuMoRKP
_c20040511
_gPSBO
801 1 _aRU
_bRuMoRGB
_c20040511
801 2 _aRU
_bNLR
_c20041117
_gPSBO
942 _cBOOK
980 _aNB